<?xml version="1.0" encoding="UTF-8"?><?xml-stylesheet type="text/xsl" href="static/style.xsl"?><OAI-PMH xmlns="http://www.openarchives.org/OAI/2.0/" xmlns:xsi="http://www.w3.org/2001/XMLSchema-instance" xsi:schemaLocation="http://www.openarchives.org/OAI/2.0/ http://www.openarchives.org/OAI/2.0/OAI-PMH.xsd"><responseDate>2026-06-07T08:12:12Z</responseDate><request verb="GetRecord" identifier="oai:riuma.uma.es:10630/40038" metadataPrefix="marc">https://riuma.uma.es/rest/oai/request</request><GetRecord><record><header><identifier>oai:riuma.uma.es:10630/40038</identifier><datestamp>2026-02-03T10:27:12Z</datestamp><setSpec>com_10630_1685</setSpec><setSpec>col_10630_38056</setSpec></header><metadata><record xmlns="http://www.loc.gov/MARC21/slim" xmlns:dcterms="http://purl.org/dc/terms/" xmlns:doc="http://www.lyncode.com/xoai" xmlns:xsi="http://www.w3.org/2001/XMLSchema-instance" xsi:schemaLocation="http://www.loc.gov/MARC21/slim http://www.loc.gov/standards/marcxml/schema/MARC21slim.xsd">
   <leader>00925njm 22002777a 4500</leader>
   <datafield ind2=" " ind1=" " tag="042">
      <subfield code="a">dc</subfield>
   </datafield>
   <datafield ind2=" " ind1=" " tag="720">
      <subfield code="a">Pérez Molina, Pablo</subfield>
      <subfield code="e">author</subfield>
   </datafield>
   <datafield ind2=" " ind1=" " tag="260">
      <subfield code="c">2025</subfield>
   </datafield>
   <datafield ind2=" " ind1=" " tag="520">
      <subfield code="a">El presente trabajo de investigación se contextualiza en el marco de la Didáctica de la Lengua Española a partir del estudio de la expresión de la futuridad desde el prisma de la variación lingüística. En este sentido, se pretende acutar y comprender el proceso de la enseñanza-aprendizaje a partir de los postulados propios de la investigación-acción.&#xd;
Para desarrollar este objetivo, se cuenta con el aval de la literatura sociolingüística que versa sobre los procesos de variación acerca de la coexistencia de múltiples recursos discursivos para expresar acontecimientos futuros. Con la finalidad de establecer un diagnóstico, se elaboró un cuestionario de actitudes lingüísticas para el estudiantado de 3.º de la ESO del Colegio El Atabal (Puerto de la Torre, Málaga). En dicho experimento se analizaron las percepciones sobre tres variantes prototípicas para expresar el porvenir: el futuro sintético o morfológico (cantaré), el futuro perifrástico o analítico (voy a cantar) y el presente simple de indicativo con valor de futuro —presente pro-futuro— (canto). Con dicho recurso se consiguieron unos resultados clave para comprender el empleo y la valoración de estos recursos gramaticales. Asimismo, se pretende explorar su peso en programaciones didácticas de enseñanza de la asignatura de Lengua Castellana y Literatura para, posteriormente, aportar una perspectiva innovadora aplicada al campo de la didáctica.</subfield>
   </datafield>
   <datafield ind1="8" ind2=" " tag="024">
      <subfield code="a">https://hdl.handle.net/10630/40038</subfield>
   </datafield>
   <datafield tag="653" ind2=" " ind1=" ">
      <subfield code="a">Educación - Trabajos Fin de Máster</subfield>
   </datafield>
   <datafield tag="653" ind2=" " ind1=" ">
      <subfield code="a">Español - Estudio y enseñanza</subfield>
   </datafield>
   <datafield tag="653" ind2=" " ind1=" ">
      <subfield code="a">Investigación activa</subfield>
   </datafield>
   <datafield tag="653" ind2=" " ind1=" ">
      <subfield code="a">Sociolingüística</subfield>
   </datafield>
   <datafield tag="653" ind2=" " ind1=" ">
      <subfield code="a">Español - Aspectos sociales</subfield>
   </datafield>
   <datafield tag="653" ind2=" " ind1=" ">
      <subfield code="a">Enseñanza - Innovaciones</subfield>
   </datafield>
   <datafield ind2="0" ind1="0" tag="245">
      <subfield code="a">Un estudio sociolingüístico aplicado al ámbito de la didáctica de la lengua en 3.º de la eso : análisis sobre la expresión de la futuridad</subfield>
   </datafield>
</record>
</metadata></record></GetRecord></OAI-PMH>